[Event "GRE-chT 47th"]
[Site "Patras"]
[Date "2019.07.03"]
[Round "2.4"]
[White "Safarli, Eltaj"]
[Black "Tzermiadianos, Andreas"]
[Result "1-0"]
[WhiteElo "2608"]
[BlackElo "2438"]
[PlyCount "80"]
[EventDate "2019.07.02"]
[EventType "team-swiss"]
[EventRounds "7"]
[EventCountry "GRE"]
[SourceTitle "CBM 191 Extra"]
[Source "ChessBase"]
[SourceDate "2019.09.30"]
[SourceVersion "1"]
[SourceVersionDate "2019.09.30"]
[SourceQuality "1"]
[WhiteTeam "Nikaia Fysiolatris"]
[BlackTeam "Heraklion Contact"]
[WhiteTeamCountry "GRE"]
[BlackTeamCountry "GRE"]

1. e4 c5 2. Nc3 Nc6 3. Bb5 Nd4 4. Nf3 a6 5. Bd3 g6 6. Rb1 Bg7 7. b4 cxb4 8. Rxb4 Nc6 9. Rb1 Nf6 10. 0-0 0-0 11. Nd5 Nxd5 12. exd5 Ne5 13. Nxe5 Bxe5 14. Re1 d6 15. Bb2 Bxb2 16. Rxb2 e6 17. dxe6 Bxe6 18. Rxb7 Qa5 19. h4 Qxa2 20. Rb6 a5 21. Rxd6 Rfd8 22. Qf3 Qa3 23. Rxd8+ Rxd8 24. Qf6 Qd6 25. h5 Qd4 26. Qe7 Qd6 27. Qg5 Bd5 28. Qh4 Bc6 29. Re3 Re8 30. hxg6 fxg6 31. Qc4+ Kf8 32. Qc3 Rxe3 33. fxe3 a4 34. Qh8+ Ke7 35. Qxh7+ Kd8 36. Qh8+ Be8 37. Bb5 Qxd2 38. Qxe8+ Kc7 39. Qc6+ Kd8 40. Qf6+ Kc7 1-0

[Event "GRE-chT 46th"]
[Site "Rio Achaia"]
[Date "2018.07.11"]
[Round "3.11"]
[White "Barski, Radoslaw"]
[Black "Tzermiadianos, Andreas"]
[Result "0-1"]
[WhiteElo "2431"]
[BlackElo "2437"]
[PlyCount "73"]
[EventDate "2018.07.10"]
[EventType "team"]
[EventRounds "7"]
[EventCountry "GRE"]
[SourceTitle "CBM 185 Extra"]
[Source "ChessBase"]
[SourceDate "2018.07.29"]
[SourceVersion "1"]
[SourceVersionDate "2018.07.29"]
[SourceQuality "1"]
[WhiteTeam "Chania Kaissa"]
[BlackTeam "Heraklion Contact"]
[WhiteTeamCountry "GRE"]
[BlackTeamCountry "GRE"]

1. e4 c5 2. Nf3 Nc6 3. Nc3 e5 4. Bc4 d6 5. d3 Be7 6. 0-0 Nf6 7. Ng5 0-0 8. f4 h6 9. Nf3 exf4 10. Bxf4 Be6 11. Nd5 Na5 12. Nxe7+ Qxe7 13. Bxe6 Qxe6 14. Nh4 Nc6 15. Nf5 Rfd8 16. Qf3 Kh7 17. Qg3 Nh5 18. Qg4 Qg6 19. Qh3 d5 20. Bd6 dxe4 21. dxe4 Nd4 22. Bxc5 Nf4 23. Rxf4 Ne2+ 24. Kh1 Nxf4 25. Qf3 Ne6 26. Be3 Ng5 27. Bxg5 Qxg5 28. Ne3 Rd2 29. h3 Kg8 30. Rf1 f6 31. Nf5 Re8 32. g3 Kh8 33. h4 Qg6 34. Qf4 Red8 35. Ne7 Qh5 36. Qf3 Qxf3+ 37. Rxf3 0-1

[Event "GRE-chT 46th"]
[Site "Rio Achaia"]
[Date "2018.07.10"]
[Round "1.6"]
[White "Baron, Tal"]
[Black "Tzermiadianos, Andreas"]
[Result "1-0"]
[WhiteElo "2530"]
[BlackElo "2437"]
[PlyCount "71"]
[EventDate "2018.07.10"]
[EventType "team"]
[EventRounds "7"]
[EventCountry "GRE"]
[SourceTitle "CBM 185 Extra"]
[Source "ChessBase"]
[SourceDate "2018.07.29"]
[SourceVersion "1"]
[SourceVersionDate "2018.07.29"]
[SourceQuality "1"]
[WhiteTeam "Panionios GA"]
[BlackTeam "Heraklion Contact"]
[WhiteTeamCountry "GRE"]
[BlackTeamCountry "GRE"]

1. e4 d5 2. exd5 Qxd5 3. Nc3 Qa5 4. Bc4 Nf6 5. d3 Bg4 6. f3 Bd7 7. Bd2 Qb6 8. Qe2 e6 9. f4 c5 10. f5 Nc6 11. fxe6 fxe6 12. Nf3 Nd4 13. Nxd4 cxd4 14. Ne4 Bb4 15. 0-0 Bxd2 16. Nxf6+ gxf6 17. Qxd2 Rf8 18. Qh6 0-0-0 19. Rxf6 Rxf6 20. Qxf6 Qxb2 21. Re1 Qxc2 22. Qf4 e5 23. Qxe5 Qd2 24. h3 Re8 25. Qc5+ Kd8 26. Rxe8+ Kxe8 27. Qxd4 h6 28. Qe5+ Kd8 29. Qb8+ Ke7 30. Qxb7 Qe1+ 31. Kh2 Qe5+ 32. g3 Qe2+ 33. Qg2 Qh5 34. h4 Kd6 35. Qf2 a5 36. d4 1-0

[Event "World Cities-ch GpC"]
[Site "Al Ain"]
[Date "2012.12.22"]
[Round "1.4"]
[White "Starostits, Ilmars"]
[Black "Tzermiadianos, Andreas"]
[Result "1/2-1/2"]
[WhiteElo "2468"]
[BlackElo "2434"]
[PlyCount "125"]
[EventDate "2012.12.22"]
[EventType "team-tourn"]
[EventRounds "3"]
[EventCountry "UAE"]
[SourceTitle "CBM 152"]
[Source "ChessBase"]
[SourceDate "2013.01.15"]
[SourceVersion "1"]
[SourceVersionDate "2013.01.15"]
[SourceQuality "1"]
[WhiteTeam "Riga"]
[BlackTeam "Athens"]
[WhiteTeamCountry "LAT"]
[BlackTeamCountry "GRE"]

1. e4 d5 2. exd5 Qxd5 3. Nc3 Qa5 4. d4 Nf6 5. Nf3 Bf5 6. Bd2 e6 7. g3 c6 8. Ne4 Qb6 9. Nxf6+ gxf6 10. Bc3 Na6 11. a3 Nc7 12. b3 Nb5 13. Bb2 Bxa3 14. Bxa3 Nxa3 15. Bd3 Qb4+ 16. Ke2 Nb5 17. Bxb5 cxb5 18. Nh4 Be4 19. Re1 Qc3 20. Kf1 f5 21. Qh5 Rf8 22. Nxf5 0-0-0 23. Ne7+ Kd7 24. Rxa7 Qf3 25. Qxf3 Bxf3 26. Re3 Bh1 27. Kg1 Bc6 28. d5 exd5 29. Nf5 Rfe8 30. Ra1 Kc7 31. Rd1 Re6 32. Nd4 Rf6 33. Rde1 b4 34. f4 Kb6 35. Re7 Ra8 36. Kf2 h5 37. h4 Kc5 38. Rd1 Rg8 39. Re5 Rfg6 40. Rd3 Rh8 41. Nf5 Re6 42. Rde3 Bd7 43. Rxe6 Bxe6 44. Ng7 Bg4 45. Re7 Kd4 46. Rxb7 Rg8 47. Rxf7 Rc8 48. Nf5+ Bxf5 49. Rxf5 Rxc2+ 50. Ke1 Rc3 51. Rxh5 Rxg3 52. Rh8 Rxb3 53. h5 Ke3 54. Re8+ Kxf4 55. Kd2 Rh3 56. Rb8 b3 57. h6 Rh2+ 58. Kc3 Rxh6 59. Kd4 Rh3 60. Kxd5 Rd3+ 61. Kc4 Ke3 62. Rxb3 Rxb3 63. Kxb3 1/2-1/2

[Event "GRE-chT 40th"]
[Site "Achaia"]
[Date "2012.07.05"]
[Round "7.1"]
[White "Tzermiadianos, Andreas"]
[Black "Papadopoulos, Argirios"]
[Result "1-0"]
[WhiteElo "2438"]
[BlackElo "1786"]
[PlyCount "77"]
[EventDate "2012.06.30"]
[EventType "team-swiss"]
[EventRounds "7"]
[EventCountry "GRE"]
[SourceTitle "CBM 149 Extra"]
[Source "ChessBase"]
[SourceDate "2012.08.24"]
[SourceVersion "1"]
[SourceVersionDate "2012.08.24"]
[SourceQuality "1"]
[WhiteTeam "Peristeriou"]
[BlackTeam "Chania ADA"]
[WhiteTeamCountry "GRE"]
[BlackTeamCountry "GRE"]

1. e4 c5 2. c3 Nf6 3. e5 Nd5 4. Nf3 e6 5. Bc4 Nb6 6. Bb3 d6 7. exd6 Bxd6 8. d4 Qc7 9. 0-0 0-0 10. Bc2 Nd5 11. Qd3 f5 12. Na3 Bd7 13. dxc5 Bxc5 14. Nb5 Qb6 15. Nbd4 Nc6 16. Bb3 Nxd4 17. cxd4 Bd6 18. Re1 Rac8 19. Bxd5 exd5 20. Ne5 Qb5 21. Qf3 Rce8 22. Bf4 Bxe5 23. Bxe5 Bc6 24. b3 Rf7 25. h4 Re6 26. h5 Qb4 27. Qf4 Rh6 28. Bxg7 Rxh5 29. Be5 Qe7 30. Re3 Qh4 31. Rg3+ Kf8 32. Bd6+ Ke8 33. Qe5+ Kd7 34. Rh3 Qg4 35. Re1 Rg7 36. Rg3 Rhg5 37. Qe6+ Kd8 38. Be7+ Kc7 39. Bxg5 1-0

[Event "GRE-chT 40th"]
[Site "Achaia"]
[Date "2012.07.01"]
[Round "3.2"]
[White "Tzermiadianos, Andreas"]
[Black "Ballas, Kleon Evangelos"]
[Result "1-0"]
[WhiteElo "2438"]
[BlackElo "1970"]
[PlyCount "79"]
[EventDate "2012.06.30"]
[EventType "team-swiss"]
[EventRounds "7"]
[EventCountry "GRE"]
[SourceTitle "CBM 149 Extra"]
[Source "ChessBase"]
[SourceDate "2012.08.24"]
[SourceVersion "1"]
[SourceVersionDate "2012.08.24"]
[SourceQuality "1"]
[WhiteTeam "Peristeriou"]
[BlackTeam "Thessaloniki"]
[WhiteTeamCountry "GRE"]
[BlackTeamCountry "GRE"]

1. e4 c6 2. d4 d5 3. Nc3 dxe4 4. Nxe4 Bf5 5. Ng3 Bg6 6. h4 h6 7. Nf3 Nd7 8. h5 Bh7 9. Bd3 Bxd3 10. Qxd3 e6 11. Bd2 Ngf6 12. 0-0-0 Be7 13. Kb1 0-0 14. Ne4 Nxe4 15. Qxe4 Nf6 16. Qe2 Qd5 17. Ne5 Qe4 18. Qxe4 Nxe4 19. Be1 Rfd8 20. f3 Nf6 21. Bf2 Nd7 22. g4 f6 23. Ng6 Bd6 24. Rhe1 Kf7 25. c4 Nf8 26. d5 exd5 27. c5 Be5 28. f4 Bb8 29. Re7+ Kg8 30. Bg3 b6 31. Nh4 bxc5 32. Nf5 Bd6 33. Rxg7+ Kh8 34. Rf7 Nh7 35. Nxh6 Re8 36. Rd7 Bf8 37. Nf7+ Kg8 38. g5 Re3 39. Rg1 fxg5 40. fxg5 1-0

[Event "GRE Cup 30th"]
[Site "Achaia"]
[Date "2012.06.28"]
[Round "1.1"]
[White "Tzermiadianos, Andreas"]
[Black "Romanos, Theodoros"]
[Result "1-0"]
[WhiteElo "2438"]
[BlackElo "2072"]
[PlyCount "113"]
[EventDate "2012.06.28"]
[EventType "team-k.o."]
[EventRounds "2"]
[EventCountry "GRE"]
[SourceTitle "CBM 149 Extra"]
[Source "ChessBase"]
[SourceDate "2012.08.24"]
[SourceVersion "1"]
[SourceVersionDate "2012.08.24"]
[SourceQuality "1"]
[WhiteTeam "Peristeriou"]
[BlackTeam "Kalamarias YMCA"]
[WhiteTeamCountry "GRE"]
[BlackTeamCountry "GRE"]

1. e4 c5 2. c3 Nf6 3. e5 Nd5 4. Nf3 Nc6 5. Na3 g6 6. Qb3 Nc7 7. d4 Bg7 8. dxc5 Nxe5 9. Nxe5 Bxe5 10. Nc4 Bg7 11. Be2 0-0 12. 0-0 Ne6 13. Be3 d5 14. cxd6 exd6 15. Rad1 d5 16. Na3 Nc7 17. Nb5 Be6 18. Bd4 a6 19. Nxc7 Qxc7 20. Bf3 Qc4 21. Bxg7 Kxg7 22. Bxd5 Qxb3 23. axb3 Bxd5 24. Rxd5 Rfe8 25. Rfd1 Re2 26. R5d2 Rae8 27. Kf1 R2e5 28. b4 R8e6 29. h4 b5 30. g3 h5 31. Rd6 Kf6 32. Rxe6+ Rxe6 33. Rd7 Kg7 34. Ra7 Kf8 35. Kg2 Kg7 36. Kf3 Kf8 37. Rd7 Kg7 38. Rd4 Re1 39. Rd6 Ra1 40. Ke3 Ra2 41. Rd2 Kf6 42. Kd4 Kf5 43. c4 bxc4 44. Kxc4 f6 45. Kb3 Ra1 46. b5 axb5 47. Kb4 g5 48. Kxb5 Kg4 49. b4 Kf3 50. Rd5 Kxf2 51. hxg5 Kxg3 52. gxf6 Kg4 53. Rd8 Rf1 54. Rg8+ Kh3 55. Rf8 h4 56. f7 Rf4 57. Ka5 1-0

[Event "GRE CupT final"]
[Site "Eretria"]
[Date "2011.07.01"]
[Round "2"]
[White "Tzermiadianos, Andreas"]
[Black "Pavlidis, Anastasios"]
[Result "1-0"]
[WhiteElo "2439"]
[BlackElo "2300"]
[PlyCount "71"]
[EventDate "2011.06.30"]
[EventType "match"]
[EventRounds "2"]
[EventCountry "GRE"]
[SourceTitle "EXT 2012"]
[Source "ChessBase"]
[SourceDate "2011.11.24"]
[SourceVersion "1"]
[SourceVersionDate "2011.11.24"]
[SourceQuality "1"]

1. e4 c5 2. c3 Nf6 3. e5 Nd5 4. Nf3 d6 5. d4 cxd4 6. Qxd4 e6 7. exd6 Qxd6 8. Bd3 Nc6 9. Qe4 f5 10. Qe2 g6 11. Na3 Bg7 12. Nb5 Qb8 13. Bc4 0-0 14. 0-0 Bd7 15. Rd1 Ne5 16. Nxe5 Bxe5 17. h3 Re8 18. Nd4 Nf6 19. Nf3 Bc7 20. Bg5 Nd5 21. Rxd5 exd5 22. Bxd5+ Kg7 23. Qd2 f4 24. Bxb7 Be6 25. Bxa8 Qxa8 26. Bxf4 Bb6 27. Be5+ Kg8 28. Qh6 Re7 29. Qh4 Rf7 30. Bd4 Bd8 31. Qh6 Qd5 32. Re1 Bd7 33. Ne5 Re7 34. Re3 Qxa2 35. Nxd7 Rxd7 36. Re8+ 1-0

[Event "Trieste op 12th"]
[Site "Trieste"]
[Date "2010.09.06"]
[Round "4"]
[White "Tzermiadianos, Andreas"]
[Black "Roiz, Michael"]
[Result "1/2-1/2"]
[WhiteElo "2425"]
[BlackElo "2645"]
[PlyCount "80"]
[EventDate "2010.09.04"]
[EventType "swiss"]
[EventRounds "9"]
[EventCountry "ITA"]
[SourceTitle "CBM 138 Extra"]
[Source "ChessBase"]
[SourceDate "2010.10.29"]
[SourceVersion "1"]
[SourceVersionDate "2010.10.29"]
[SourceQuality "1"]

1. e4 c5 2. c3 d5 3. exd5 Qxd5 4. d4 e6 5. Nf3 Nf6 6. Be3 Be7 7. Bd3 0-0 8. 0-0 Rd8 9. Qe2 Nc6 10. Bc4 Qh5 11. dxc5 Bxc5 12. Bxc5 Qxc5 13. Nbd2 b6 14. Rad1 Bb7 15. Nb3 Qe7 16. Ba6 Bxa6 17. Qxa6 e5 18. Qb5 Qc7 19. Qc4 Rd7 20. Rxd7 Qxd7 21. Nbd2 Re8 22. Ne4 Nxe4 23. Qxe4 f6 24. Nh4 Rd8 25. Nf5 Qd5 26. Qa4 Kf7 27. Ne3 Qe6 28. Rd1 Rxd1+ 29. Nxd1 f5 30. Ne3 g6 31. Kf1 e4 32. h4 Qd7 33. Ke1 Ke7 34. Qc4 Qe6 35. Qa4 Kd8 36. c4 Qd7 37. Nd1 Ne5 38. Qa3 Kc8 39. b3 Nd3+ 40. Ke2 Kb7 1/2-1/2

[Event "Trieste op 12th"]
[Site "Trieste"]
[Date "2010.09.04"]
[Round "1"]
[White "Sorbera, Giovanni"]
[Black "Tzermiadianos, Andreas"]
[Result "0-1"]
[WhiteElo "2010"]
[BlackElo "2425"]
[PlyCount "123"]
[EventDate "2010.09.04"]
[EventType "swiss"]
[EventRounds "9"]
[EventCountry "ITA"]
[SourceTitle "CBM 138 Extra"]
[Source "ChessBase"]
[SourceDate "2010.10.29"]
[SourceVersion "1"]
[SourceVersionDate "2010.10.29"]
[SourceQuality "1"]

1. e4 d5 2. exd5 Qxd5 3. Nc3 Qd6 4. d4 Nf6 5. Bc4 a6 6. f3 e6 7. Nge2 b5 8. Bb3 Bb7 9. Bf4 Qd7 10. Qd2 c5 11. dxc5 Qxd2+ 12. Bxd2 Nbd7 13. a4 b4 14. Na2 a5 15. c6 Bxc6 16. Nd4 Bd5 17. Nb5 Bxb3 18. cxb3 Rc8 19. Rc1 Nc5 20. Ke2 Nd5 21. Be3 Nxe3 22. Kxe3 Be7 23. Rc4 0-0 24. Rhc1 Rfd8 25. R1c2 Rd5 26. Nc1 Rcd8 27. Na7 Bf8 28. Nc6 Ra8 29. Rd4 Ra6 30. Rxd5 exd5 31. Nd4 g6 32. Nd3 Bh6+ 33. Ke2 Ne6 34. Rc8+ Kg7 35. Nb5 Nf4+ 36. Nxf4 Bxf4 37. Nc7 Ra7 38. Nxd5 Bxh2 39. Rc5 h5 40. f4 Bg1 41. Rb5 Bd4 42. Kd3 Bxb2 43. Nb6 Bf6 44. Rd5 h4 45. Nc4 Rc7 46. Rxa5 Rd7+ 47. Ke3 Bd4+ 48. Ke4 f5+ 49. Kf3 Bg1 50. Ke2 Rd4 51. Rb5 Rxf4 52. a5 Rf2+ 53. Ke1 Rxg2 54. Kf1 h3 55. Rb7+ Kh6 56. Rb8 Bd4 57. Rd8 Rg1+ 58. Ke2 h2 59. Rxd4 h1Q 60. Ne3 Qh2+ 61. Kd3 f4 62. Ng2 0-1

[Event "Attica CupT sf"]
[Site "Athens"]
[Date "2010.05.15"]
[Round "?"]
[White "Goumas, Georgios"]
[Black "Tzermiadianos, Andreas"]
[Result "1-0"]
[WhiteElo "2288"]
[BlackElo "2428"]
[PlyCount "117"]
[EventDate "2010.05.15"]
[EventType "team-match"]
[EventRounds "1"]
[EventCountry "GRE"]
[SourceTitle "CBM 136 Extra"]
[Source "ChessBase"]
[SourceDate "2010.07.02"]
[SourceVersion "2"]
[SourceVersionDate "2010.07.15"]
[SourceQuality "1"]

1. e4 d5 2. exd5 Qxd5 3. Nc3 Qd6 4. d4 Nf6 5. Nf3 Nc6 6. Nb5 Qd8 7. c4 a6 8. Nc3 Bg4 9. Be3 Bxf3 10. Qxf3 Nxd4 11. Bxd4 Qxd4 12. Qxb7 Rd8 13. Qc6+ Qd7 14. Qxd7+ Nxd7 15. 0-0-0 e6 16. Be2 Bb4 17. Kc2 Nf6 18. Bf3 Ke7 19. Na4 Rxd1 20. Rxd1 Rd8 21. a3 Rxd1 22. Kxd1 Bd6 23. b4 Nd7 24. c5 Be5 25. Be2 Nb8 26. h3 Bd4 27. f3 Kf6 28. Kc2 Ke5 29. Kd3 g5 30. Nc3 f5 31. Bd1 Bf2 32. Bb3 h5 33. Ne2 a5 34. Kc4 axb4 35. axb4 g4 36. f4+ Ke4 37. Bc2+ Ke3 38. Nd4 Kxf4 39. Nxe6+ Ke5 40. Nxc7 f4 41. hxg4 hxg4 42. Bd3 Nd7 43. Be2 f3 44. gxf3 g3 45. Bf1 Kf4 46. Bg2 Ne5+ 47. Kd5 Nd3 48. Ne6+ Kf5 49. b5 Bxc5 50. Nxc5 Nf4+ 51. Kc6 Nxg2 52. Ne4 Kf4 53. b6 Ne3 54. b7 g2 55. b8Q+ Kxf3 56. Ng5+ Kg4 57. Ne6 Kf3 58. Qf4+ Ke2 59. Nd4+ 1-0

[Event "Fokika op"]
[Site "Fokika"]
[Date "2009.09.05"]
[Round "3"]
[White "Balaskas, Panayotis"]
[Black "Tzermiadianos, Andreas"]
[Result "0-1"]
[WhiteElo "2105"]
[BlackElo "2437"]
[PlyCount "72"]
[EventDate "2009.09.10"]
[EventType "swiss"]
[EventRounds "6"]
[EventCountry "GRE"]
[SourceTitle "EXT 2024"]
[Source "ChessBase"]
[SourceDate "2023.10.10"]
[SourceVersion "1"]
[SourceVersionDate "2023.10.10"]
[SourceQuality "1"]

1. e4 d5 2. exd5 Qxd5 3. Nc3 Qd6 4. d4 Nf6 5. Nge2 Bf5 6. Bf4 Qd7 7. Ng3 Bg6 8. h4 h6 9. h5 Bh7 10. Qf3 Nc6 11. 0-0-0 0-0-0 12. d5 Nb4 13. Bb5 Qg4 14. Qxg4+ Nxg4 15. a3 Nxc2 16. Rd2 e5 17. dxe6 Rxd2 18. Kxd2 fxe6 19. Ba4 e5 20. Bxc2 Bxc2 21. Bxe5 Bb3 22. f4 Nxe5 23. fxe5 Be7 24. Nce4 Rf8 25. Ke3 Bd5 26. Rf1 Rxf1 27. Nxf1 Kd7 28. Nfg3 Ke6 29. Kf4 c5 30. Nf5 Bf8 31. g4 b5 32. Ned6 Bc6 33. Ne4 a5 34. b3 Bd7 35. Ne3 Be8 36. Nd5 Kxd5 0-1

[Event "GRE-chT 37th"]
[Site "Kallithea"]
[Date "2009.07.08"]
[Round "8"]
[White "Tzermiadianos, Andreas"]
[Black "Zahariev, Zahari"]
[Result "1-0"]
[WhiteElo "2447"]
[BlackElo "2399"]
[PlyCount "89"]
[EventDate "2009.07.03"]
[EventType "team-tourn"]
[EventRounds "9"]
[EventCountry "GRE"]
[SourceTitle "CBM 131 Extra"]
[Source "ChessBase"]
[SourceDate "2009.09.03"]
[SourceVersion "2"]
[SourceVersionDate "2009.09.16"]
[SourceQuality "1"]

1. e4 e6 2. d4 d5 3. Nd2 Nf6 4. e5 Nfd7 5. Bd3 c5 6. c3 Nc6 7. Ne2 cxd4 8. cxd4 f6 9. exf6 Nxf6 10. Nf3 Bd6 11. 0-0 Qc7 12. Bg5 0-0 13. Rc1 Bd7 14. Re1 Kh8 15. Ng3 Bf4 16. Bxf4 Qxf4 17. Bb5 Ne4 18. Qe2 a6 19. Bxc6 Bxc6 20. Qe3 Qd6 21. Ne5 Qb4 22. Nxe4 dxe4 23. Nxc6 bxc6 24. b3 Qa5 25. Re2 e5 26. dxe5 Qxe5 27. Qxe4 Qxe4 28. Rxe4 Rad8 29. Re2 a5 30. g3 a4 31. Rxc6 axb3 32. axb3 Rb8 33. Re3 Rb7 34. Rec3 Kg8 35. Rc8 Rxc8 36. Rxc8+ Kf7 37. Rc3 Ke6 38. Kf1 Kf5 39. Ke2 g5 40. h3 Rb6 41. Rf3+ Ke4 42. h4 gxh4 43. Rf4+ Ke5 44. Rxh4 h6 45. b4 1-0

[Event "GRE-chT 37th"]
[Site "Kallithea"]
[Date "2009.07.06"]
[Round "6"]
[White "Georgiev, Krum"]
[Black "Tzermiadianos, Andreas"]
[Result "1-0"]
[WhiteElo "2430"]
[BlackElo "2447"]
[PlyCount "65"]
[EventDate "2009.07.03"]
[EventType "team-tourn"]
[EventRounds "9"]
[EventCountry "GRE"]
[SourceTitle "CBM 131 Extra"]
[Source "ChessBase"]
[SourceDate "2009.09.03"]
[SourceVersion "2"]
[SourceVersionDate "2009.09.16"]
[SourceQuality "1"]

1. e4 d5 2. exd5 Qxd5 3. Nc3 Qd6 4. d4 Nf6 5. Nf3 g6 6. Nb5 Qb6 7. c3 c6 8. Na3 Bg7 9. Bc4 0-0 10. 0-0 Bg4 11. Bb3 Nbd7 12. Re1 Qd8 13. Nc4 Nd5 14. Bg5 b5 15. Ncd2 N7f6 16. h3 Bxf3 17. Nxf3 Qc7 18. a4 a6 19. Ne5 Qb7 20. Qf3 Rac8 21. Nd3 Ra8 22. Nc5 Qc7 23. Bh4 Rfe8 24. Bg3 Qc8 25. Ra2 e6 26. Rea1 b4 27. a5 bxc3 28. bxc3 h6 29. Rb2 Rd8 30. Rab1 Ne8 31. Bxd5 cxd5 32. Rb7 Nf6 33. Rc7 1-0

[Event "GRE-chT 37th"]
[Site "Kallithea"]
[Date "2009.07.05"]
[Round "4"]
[White "Mastrovasilis, Dimitrios"]
[Black "Tzermiadianos, Andreas"]
[Result "1-0"]
[WhiteElo "2567"]
[BlackElo "2447"]
[PlyCount "157"]
[EventDate "2009.07.03"]
[EventType "team-tourn"]
[EventRounds "9"]
[EventCountry "GRE"]
[SourceTitle "CBM 131 Extra"]
[Source "ChessBase"]
[SourceDate "2009.09.03"]
[SourceVersion "2"]
[SourceVersionDate "2009.09.16"]
[SourceQuality "1"]

1. Nf3 g6 2. g3 Bg7 3. c4 Nf6 4. Bg2 0-0 5. 0-0 d5 6. cxd5 Qxd5 7. Nc3 Qh5 8. d4 Bh3 9. Qb3 Bxg2 10. Kxg2 b6 11. Qb5 Qxb5 12. Nxb5 Rc8 13. Bf4 Nd5 14. Rac1 Nxf4+ 15. gxf4 c6 16. Ne5 Bxe5 17. fxe5 Na6 18. Nc3 Rd8 19. e3 Rac8 20. a3 f6 21. f4 Kf7 22. Kf3 Ke6 23. Ke4 f5+ 24. Kf3 Nc7 25. Rf2 Nd5 26. Na4 Kd7 27. h4 Rg8 28. Rg2 e6 29. b4 Ra8 30. Rb2 Rgb8 31. Nc3 Nxc3 32. Rxc3 b5 33. Rbc2 Rc8 34. h5 gxh5 35. Rh2 Rg8 36. Rxh5 Rg7 37. Rc2 a5 38. Rch2 axb4 39. Rxh7 Rag8 40. axb4 Rxh7 41. Rxh7+ Kd8 42. Rh1 Rg6 43. Rh8+ Kd7 44. Rh7+ Kd8 45. Rb7 Rg1 46. d5 cxd5 47. Rxb5 Rb1 48. Rb7 Rb2 49. b5 Ke8 50. b6 Kd8 51. Kg3 Kc8 52. Rc7+ Kd8 53. Kh4 Rxb6 54. Ra7 d4 55. exd4 Rb4 56. Kg5 Rxd4 57. Rh7 Rc4 58. Kf6 Rc6 59. Rh8+ Kd7 60. Rh7+ Kd8 61. Rh1 Kd7 62. Rd1+ Kc7 63. Rd4 Ra6 64. Ke7 Rc6 65. Kf6 Ra6 66. Kf7 Rb6 67. Ke7 Rc6 68. Rd7+ Kc8 69. Rd6 Rc4 70. Rxe6 Kc7 71. Rf6 Rxf4 72. e6 Rh4 73. Rxf5 Rh7+ 74. Rf7 Rh8 75. Rf1 Rh7+ 76. Kf8 Rh8+ 77. Kg7 Rh2 78. Rd1 Rh3 79. e7 1-0

[Event "Attica Cup Final"]
[Site "Athens"]
[Date "2009.05.09"]
[Round "1.2"]
[White "Tzermiadianos, Andreas"]
[Black "Souleidis, Georgios"]
[Result "0-1"]
[WhiteElo "2451"]
[BlackElo "2427"]
[PlyCount "106"]
[EventDate "2009.05.09"]
[EventType "match"]
[EventRounds "2"]
[EventCountry "GRE"]
[SourceTitle "EXT 2011"]
[Source "ChessBase"]
[SourceDate "2010.11.26"]
[SourceVersion "1"]
[SourceVersionDate "2010.11.26"]
[SourceQuality "1"]

1. e4 c5 2. Nf3 Nf6 3. e5 Nd5 4. d4 cxd4 5. Qxd4 e6 6. Bc4 Nc6 7. Qe4 Nb6 8. Bg5 f6 9. Bh4 Nxc4 10. Qxc4 Nxe5 11. Nxe5 Qa5+ 12. Kf1 Qxe5 13. Nc3 Qc5 14. Qe2 Be7 15. Bg3 0-0 16. Rd1 f5 17. Be5 d6 18. Bd4 Qc6 19. f4 Bd7 20. h4 b5 21. Rh3 b4 22. Nb1 Qe4 23. Qf2 Bb5+ 24. Kg1 Bf6 25. Bxf6 Rxf6 26. Rd4 Qc6 27. Rxb4 a5 28. Rd4 Rg6 29. Nc3 Ba6 30. Nd1 Bb7 31. Ne3 Qb6 32. c3 e5 33. Nd5 Qb5 34. c4 Qe8 35. Rd2 Rc8 36. b3 Rc5 37. Re3 Bxd5 38. Rxd5 Rxd5 39. cxd5 e4 40. Rc3 h6 41. Qb6 Rf6 42. Qxa5 e3 43. Qa4 Qe7 44. Rc8+ Kf7 45. Rc1 Rg6 46. Qd4 Rg3 47. Qd3 Kg6 48. h5+ Kxh5 49. Qxf5+ Kh4 50. Kh2 e2 51. Re1 Qe3 52. Qe6 Rxg2+ 53. Kxg2 Qg3+ 0-1

[Event "Pagrati CC-ch"]
[Site "Pagrati"]
[Date "2006.11.09"]
[Round "7.2"]
[White "Tzermiadianos, Andreas"]
[Black "Ilandzis, Spyridon"]
[Result "1/2-1/2"]
[WhiteElo "2261"]
[BlackElo "2174"]
[PlyCount "77"]
[EventDate "2006.09.28"]
[EventType "swiss"]
[EventRounds "7"]
[EventCountry "GRE"]
[SourceTitle "EXT 2024"]
[Source "ChessBase"]
[SourceDate "2023.10.10"]
[SourceVersion "1"]
[SourceVersionDate "2023.10.10"]
[SourceQuality "1"]

1. e4 c5 2. b3 Nf6 3. e5 Nd5 4. Nf3 Nc6 5. Bb2 e6 6. Nc3 Nf4 7. g3 Ng6 8. Nb5 a6 9. Nd6+ Bxd6 10. exd6 e5 11. h4 h5 12. Bc4 Qf6 13. Ng5 Nd8 14. Ne4 Qf5 15. Nxc5 e4 16. d4 b6 17. Na4 Bb7 18. Nc3 e3 19. Rh2 0-0 20. fxe3 Re8 21. Qd2 Qf3 22. Ne2 Rxe3 23. 0-0-0 Rc8 24. Ng1 Qxg3 25. Rh3 Qxh3 26. Nxh3 Rxh3 27. Rg1 Be4 28. Kb1 b5 29. Bd3 Bxd3 30. cxd3 Ne6 31. Rc1 Rxc1+ 32. Qxc1 Rxh4 33. Qc8+ Nef8 34. Qxa6 b4 35. Qb7 Rg4 36. Qf3 Rg1+ 37. Bc1 h4 38. Kc2 Rg3 39. Qf2 1/2-1/2

[Event "Pagrati CC-ch"]
[Site "Pagrati"]
[Date "2006.10.12"]
[Round "3.1"]
[White "Tzermiadianos, Andreas"]
[Black "Mbaskas, Vangelis"]
[Result "1-0"]
[WhiteElo "2261"]
[BlackElo "1979"]
[PlyCount "119"]
[EventDate "2006.09.28"]
[EventType "swiss"]
[EventRounds "7"]
[EventCountry "GRE"]
[SourceTitle "EXT 2024"]
[Source "ChessBase"]
[SourceDate "2023.10.10"]
[SourceVersion "1"]
[SourceVersionDate "2023.10.10"]
[SourceQuality "1"]

1. e4 e5 2. Nf3 Nc6 3. Bc4 Bc5 4. c3 Nf6 5. d3 d6 6. Bg5 Bg4 7. Nbd2 0-0 8. b4 Bb6 9. Qb3 h6 10. Bh4 a5 11. b5 Nb8 12. a4 Nbd7 13. 0-0 Qe8 14. Rfe1 Nc5 15. Qc2 g5 16. Bg3 Ne6 17. Bxe6 Qxe6 18. d4 Nd7 19. Qd3 f5 20. exf5 Bxf5 21. Qe2 Bg4 22. h3 Bxf3 23. Nxf3 Rae8 24. dxe5 dxe5 25. Rad1 e4 26. Nd4 Qf7 27. h4 Nf6 28. hxg5 hxg5 29. Nf5 Kh7 30. Ne3 Qe6 31. Nc4 Rd8 32. Nxb6 cxb6 33. Qe3 Kg6 34. Bc7 Rxd1 35. Rxd1 Nd5 36. Qg3 Rf5 37. c4 Nf6 38. Rd4 Rc5 39. Qd6 Qf7 40. Bd8 Rf5 41. Rxe4 Qd7 42. Re6 Qxd6 43. Rxd6 Kf7 44. Bxb6 Ne4 45. Rd7+ Ke6 46. Rxb7 Nd2 47. c5 Re5 48. f3 g4 49. fxg4 Re4 50. c6 Rc4 51. Rd7 Ne4 52. Rd4 Rc1+ 53. Kh2 Ke5 54. c7 Nf6 55. g5 Ne8 56. Rd8 Nxc7 57. Rc8 Nd5 58. Rxc1 Nxb6 59. Rf1 Nxa4 60. g6 1-0